000
00253nam a2200109Ia 4500
008
190912s9999||||xx |||||||||||||| ||und||
100
_a
Ronald Ridout
245
0
_a
Word Perfect Spelling
260
_a
Karachi
_b
Oxford
_c
1993
300
_a
201
942
_c
BK
999
_c
7288
_d
7288